Most Common Words in Ralph’s Ephorship Application - Statistics

General Stats
  • This quiz has been taken 7 times
  • The average score is 22 of 39
Answer Stats
Usage Word % Correct
12 a
100%
44 I
100%
24 of
100%
27 the
100%
5 an
67%
17 and
67%
4 can
67%
6 for
67%
4 has
67%
28 have
67%
4 head
67%
10 is
67%
6 it
67%
13 my
67%
5 on
67%
4 one
67%
9 school
67%
4 so
67%
9 this
67%
4 time
67%
23 to
67%
5 where
67%
4 with
67%
4 all
33%
13 as
33%
4 aspects
33%
11 been
33%
4 enrichment
33%
4 group
33%
4 groups
33%
4 leadership
33%
4 leading
33%
4 made
33%
4 most
33%
4 music
33%
4 running
33%
4 through
33%
5 throughout
33%
4 was
33%
No matching quizzes found
Score Distribution
Percent of People with Each Score
Percentile by Number Answered
Your Score History
You have not taken this quiz